| 000 | 00000nam 2200000zi 4500 |
| 001 | 9.884949 |
| 003 | CaOODSP |
| 005 | 20250303105701 |
| 006 | m o d f |
| 007 | cr ||||||||||| |
| 008 | 200221m20252020quc ob f000 0 fre d |
| 040 | |aCaOODSP|bfre|erda|cCaOODSP |
| 041 | 0 |afre|beng|bfre |
| 043 | |an-cn--- |
| 086 | 1 |aP29-003-520-2020F-PDF |
| 245 | 00|aCarburant diesel contenant de faibles quantités de biodiesel (B1-B5). |
| 250 | |aRetirée. |
| 264 | 1|aGatineau (Quebec) Canada : |bOffice des normes générales du Canada : |bConseil canadien des normes, |c2020, 2025. |
| 264 | 4|c©2020 |
| 300 | |a1 ressource en ligne (1 volume (pagination multiple)). |
| 336 | |atexte|btxt|2rdacontent/fre |
| 337 | |ainformatique|bc|2rdamedia/fre |
| 338 | |aressource en ligne|bcr|2rdacarrier/fre |
| 490 | 1 |aNorme nationale du Canada ; |vCAN/CGSB-3.520-2020 |
| 500 | |a« Retirée, février 2025. » |
| 500 | |a« Publiée, février 2020. » |
| 500 | |a« Expérience et excellence » -- Couverture. |
| 500 | |aRemplace CAN/CGSB-3.520-2017. |
| 500 | |aPublié aussi en anglais sous le titre: Diesel fuel containing low levels of biodiesel (B1-B5). |
| 504 | |aComprend des références bibliographiques. |
| 520 | |a« La présente norme s’applique à deux types de carburant diesel, type A, Bx et type B, Bx. Ces deux types sont destinés aux moteurs diesels à régime élevé dans des applications sur route et hors route et à certains équipements alimentés par des moteurs diesels à régime moyen » -- Objet, page 1. |
| 546 | |aTexte en français, retrait en français et en anglais. |
| 650 | 6|aCarburants diesel|xNormes|zCanada. |
| 710 | 2 |aConseil canadien des normes. |
| 710 | 2 |aOffice des normes générales du Canada. |
| 775 | 08|tDiesel fuel containing low levels of biodiesel (B1-B5).|w(CaOODSP)9.884945 |
| 795 | |tCarburant diesel contenant de faibles quantités de biodiesel (B1-B5) |w(CaOODSP)9.838073 |
| 830 | #0|aNorme nationale du Canada ;|vno 3.520-2020.|w(CaOODSP)9.504227 |
| 856 | 40|qPDF|s879 Ko|uhttps://publications.gc.ca/collections/collection_2020/ongc-cgsb/P29-003-520-2020-fra.pdf|zRetirée, février 2025 |
| 986 | |aICS 75.160.20 |